000 00577nam a2200205Ia 4500
005 20250923150216.0
008 008 250917s9999 xx 000 0 eng d
037 _aTextual
040 _aDSWL
_beng
_cDSWL
041 _aeng
_2eng
084 _aX:77.44'P, P7
_qDSWL
100 _aAcharya, Shankar
_9843418
245 0 _aCan India Grow without Bharat ?
_cby Shankar Acharya
260 _aNew Delhi
_b Academic
_c2007
300 _a187 p.
365 _aINR
_b395 . 0
925 _g395 . 0
942 _cTEXL
_hX:77.44'P, P7
999 _c1460823
_d1460823